War and peace in Russian porcelain (Запись № 12644795)

Подробности
000 -МАРКЕР
контрольное поле 01907nam1a2200385 i 4500
001 - ИДЕНТИФИКАТОР ЗАПИСИ
контрольное поле RU\NLR\BIBL_A\022066429
005 - ИДЕНТИФИКАТОР ВЕРСИИ
контрольное поле 20241102234405.0
010 ## - МЕЖДУНАРОДНЫЙ СТАНДАРТНЫЙ НОМЕР КНИГИ (ISBN)
Номер (ISBN) 9788894027464
035 ## - ДРУГИЕ СИСТЕМНЫЕ НОМЕРА
Идентификатор записи (NLR Aleph) 022066429
100 ## - ДАННЫЕ ОБЩЕЙ ОБРАБОТКИ
Данные общей обработки 20231103d2022 m y0rusy50 ba
101 1# - ЯЗЫК РЕСУРСА
Язык текста, звукозаписи и т.д. английский
Язык оригинала русский
102 ## - СТРАНА ПУБЛИКАЦИИ ИЛИ ПРОИЗВОДСТВА
Страна публикации российская федерация
105 ## - ПОЛЕ КОДИРОВАННЫХ ДАННЫХ: ТЕКСТОВЫЕ МАТЕРИАЛЫ, МОНОГРАФИЧЕСКИЕ
Кодированные данные о монографическом текстовом документе b
181 #0 - ПОЛЕ КОДИРОВАННЫХ ДАННЫХ: ВИД СОДЕРЖАНИЯ
Код вида содержания (ISBD) i
Код характеристики содержания (ISBD) axxe
181 #0 - ПОЛЕ КОДИРОВАННЫХ ДАННЫХ: ВИД СОДЕРЖАНИЯ
Код вида содержания (ISBD) b3
Код характеристики содержания (ISBD) xb2e
182 #0 - ПОЛЕ КОДИРОВАННЫХ ДАННЫХ: ТИП СРЕДСТВА
Код типа средства (ISBD) n - непосредственное
200 1# - ЗАГЛАВИЕ И СВЕДЕНИЯ ОБ ОТВЕТСТВЕННОСТИ
Основное заглавие War and peace in Russian porcelain
Сведения, относящиеся к заглавию from the collection of Elena Baturina
-- [catalogue
-- in 3 volumes
Первые сведения об ответственности texts and editing - Marianna Bubchikova and Elena Smirnova
Последующие сведения об ответственности science editing - Natalia Sipovskaya
-- translation and editing - Alexander Anderson et al.]
203 ## - ВИД СОДЕРЖАНИЯ И ТИП СРЕДСТВА
Вид содержания Текст
-- Изображение
Дополнительные сведения об издании визуальные
Тип средства непосредственные
210 ## - ПУБЛИКАЦИЯ, РАСПРОСТРАНЕНИЕ И ДР.
Место издания, распространения и т.д. Moscow
Имя издателя, распространителя и т. д. State institute for art studies
Дата издания, распространения и т.д. 2022
215 ## - ФИЗИЧЕСКАЯ ХАРАКТЕРИСТИКА
Размеры 31
320 ## - ПРИМЕЧАНИЯ О НАЛИЧИИ В ДОКУМЕНТЕ БИБЛИОГРАФИИ / УКАЗАТЕЛЯ
Текст примечания Библиогр. в примеч. в конце предисл. и ст.
541 1# - ПЕРЕВОД ЗАГЛАВИЯ, СДЕЛАННЫЙ КАТАЛОГИЗАТОРОМ
Заглавие Война и мир в русском фарфоре
Сведения, относящиеся к заглавию из коллекции Елены Батуриной
606 1# - НАИМЕНОВАНИЕ ТЕМЫ КАК ПРЕДМЕТ
Наименование темы Художественная коллекция Батуриной Е. Н.
Формальный подзаголовок Каталоги
Системный номер авторитетной/нормативной записи 2568590
Идентификатор авторитетной/нормативной записи RU\NLR\AUTH\6601730720
606 ## - НАИМЕНОВАНИЕ ТЕМЫ КАК ПРЕДМЕТ
Наименование темы Художественные фарфоро-фаянсовые изделия
Формальный подзаголовок Каталоги
Системный номер авторитетной/нормативной записи 1837248
Идентификатор авторитетной/нормативной записи RU\NLR\AUTH\661123145
686 1# - ИНДЕКСЫ ДРУГИХ КЛАССИФИКАЦИЙ
Индекс Щ101.3(2Р)-4Батурина я26
686 1# - ИНДЕКСЫ ДРУГИХ КЛАССИФИКАЦИЙ
Индекс Щ125.145.3(0)я26
702 #1 - ИМЯ ЛИЦА - ВТОРИЧНАЯ ОТВЕТСТВЕННОСТЬ
Код отношения Составитель
Графика поля Латинская
Материалы, к которым относится поле rus
Начальный элемент ввода Bubčikova
Часть имени, кроме начального элемента ввода M. A.
Даты 1953-
Расширение инициалов личного имени Marianna Aleksandrovna
Системный номер авторитетной/нормативной записи 261962
Идентификатор авторитетной/нормативной записи RU\NLR\AUTH\770262018
702 #1 - ИМЯ ЛИЦА - ВТОРИЧНАЯ ОТВЕТСТВЕННОСТЬ
Код отношения Редактор
Графика поля Латинская
Материалы, к которым относится поле rus
Начальный элемент ввода Sipovskaja
Часть имени, кроме начального элемента ввода N. V.
Даты 1961-
Расширение инициалов личного имени Natalija Vladimirovna
Системный номер авторитетной/нормативной записи 261968
Идентификатор авторитетной/нормативной записи RU\NLR\AUTH\770262024
702 #1 - ИМЯ ЛИЦА - ВТОРИЧНАЯ ОТВЕТСТВЕННОСТЬ
Начальный элемент ввода Baturina
Часть имени, кроме начального элемента ввода E. N.
Даты 1963-
Расширение инициалов личного имени Elena Nikolaevna
Код отношения Прочие
852 ## - МЕСТОНАХОЖДЕНИЕ И ШИФР ХРАНЕНИЯ
Идентификатор организации NLR
Шифр хранения (Call Number) Ик 2023-9/86
942 ## - ДОПОЛНИТЕЛЬНЫЕ ЭЛЕМЕНТЫ ЗАПИСИ (АБИС)
Тип экземпляра АБИС Книга

Нет доступных экземпляров.